[Event "Challenge"]
[Site "http://www.queenalice.com/game.php?id=1566125"]
[Date "2019.3.31"]
[Round "-"]
[White "vivoferreira"]
[Black "Rodrigosm"]
[Result "0-1"]
[WhiteElo "1445"]
[BlackElo "1543"]

1. e4 e5 2. Nf3 Nc6 3. Nc3 Bc5 4. h3 d6 5. Bc4 Nh6 6. d3 Be6 7. Bxe6 fxe6 8. Bd2
O-O 9. Qe2 Nb4 10. O-O-O d5 11. exd5 exd5 12. Bxh6 gxh6 13. Rhf1 Qe7 14. Nxe5
Qg5+ 15. Kb1 Rae8 16. f4 Rxf4 17. Rde1 Rxe5 18. Qxe5 Qxe5 0-1

[Event "Challenge"]
[Site "http://www.queenalice.com/game.php?id=1569807"]
[Date "2019.5.4"]
[Round "-"]
[White "Rodrigosm"]
[Black "dejami"]
[Result "0-1"]
[WhiteElo "1506"]
[BlackElo "1675"]

1. e4 e5 2. Qh5 d6 3. Nc3 g6 4. Qf3 Nf6 5. Bc4 Bg4 6. Qd3 Nh5 7. f3 Bd7 8. Qd5
Be6 9. Qxb7 Bxc4 10. Qxa8 a6 11. b3 Be6 12. Nge2 Be7 13. O-O O-O 14. d4 Qd7 15.
d5 Bh3 16. gxh3 Qxh3 17. Bh6 Re8 18. Qb7 Nf6 19. Qxc7 Qxh6 20. Kh1 Nh5 21. Na4
Qe3 22. Rae1 Qd2 23. Nb6 Bh4 24. Nc4 Qxc2 25. Qxd6 Qxa2 26. Nxe5 Be7 27. Qc7
Qxb3 28. d6 Bf6 29. d7 Rd8 30. Nd4 Qa4 31. Rg1 Qxd4 32. Ng4 Be7 33. Nh6+ Kf8 34.
Rd1 Qe3 35. Rdf1 Qxh6 36. Qe5 Bf6 37. Qd6+ Kg7 38. e5 Bg5 39. Rg4 Nxd7 40. Rfg1
Nb8 41. Qc7 Re8 42. Rxg5 Nf4 43. Rf5 Rf8 44. e6 Nxe6 45. Qe5+ Kg8 46. Rh5 Qg7
47. Qxg7+ Nxg7 48. Rxg6 fxg6 49. Rxh7 Kxh7 50. h4 Rxf3 51. h5 Nxh5 52. Kg2 Rb3
53. Kf2 a5 54. Ke2 a4 55. Kd2 a3 56. Kc2 Rb7 57. Kc1 a2 58. Kc2 a1=Q 59. Kd2
Qd4+ 60. Kc2 Rc7+ 61. Kb3 Qb6+ 62. Ka2 Ra7# 0-1

[Event "Challenge"]
[Site "http://www.queenalice.com/game.php?id=1569808"]
[Date "2019.5.4"]
[Round "-"]
[White "dejami"]
[Black "Rodrigosm"]
[Result "1-0"]
[WhiteElo "1796"]
[BlackElo "1555"]

1. e4 e5 2. Bc4 Nh6 3. d3 Qf6 4. Nh3 Nc6 5. Bg5 Qd6 6. Qf3 Nd4 7. Qd1 Ng4 8. c3
Nxf2 9. Nxf2 Nf5 10. exf5 f6 11. Qh5+ g6 12. fxg6 hxg6 13. Qxg6+ Kd8 14. Bxf6+
Be7 15. Ne4 Bxf6 16. Nxd6 Bh4+ 17. g3 Be7 18. Nf7+ Ke8 19. Nxh8+ Kd8 20. Qg8+
Bf8 21. Qxf8# 1-0

[Event "Challenge"]
[Site "http://www.queenalice.com/game.php?id=1572317"]
[Date "2019.5.25"]
[Round "-"]
[White "Rodrigosm"]
[Black "vivoferreira"]
[Result "1-0"]
[WhiteElo "1549"]
[BlackElo "1589"]

1. e4 c5 2. Nc3 e6 3. Nf3 Nc6 4. Bc4 a6 5. O-O b5 6. Bd3 c4 7. Be2 Bb7 8. d3 Nf6
9. dxc4 g6 10. cxb5 axb5 11. Nxb5 Ba6 12. c4 Bg7 13. Nd6+ Ke7 14. c5 Bxe2 15.
Qxe2 Na5 16. Ng5 Rg8 17. Ngxf7 Qc7 18. Be3 Ne8 19. Rad1 Nb7 20. Bg5+ Bf6 21.
Bxf6+ Nxf6 22. e5 Ne8 23. Qf3 Nxc5 24. Qxa8 Rf8 25. b4 Nf6 26. Qf3 Nb7 27. Qxf6#
1-0

[Event "Challenge"]
[Site "http://www.queenalice.com/game.php?id=1573975"]
[Date "2019.6.10"]
[Round "-"]
[White "vivoferreira"]
[Black "Rodrigosm"]
[Result "1-0"]
[WhiteElo "1493"]
[BlackElo "1577"]

1. d4 d5 2. Nf3 Nf6 3. Nc3 e6 4. Bg5 h6 5. Be3 Na6 6. Ne5 Qe7 7. g3 Qb4 8. Rb1
Ne4 9. a3 Qe7 10. Bg2 f6 11. O-O fxe5 12. Bxe4 dxe4 13. Nxe4 Qf7 14. dxe5 Be7
15. c4 O-O 16. b4 Nb8 17. f4 Qg6 18. Qc2 h5 19. Rbc1 h4 20. Kf2 hxg3+ 21. Nxg3
Qg4 22. Ke1 Bh4 23. Bf2 Rxf4 24. e3 Rf3 25. Qe4 Qxe4 26. Nxe4 Bxf2+ 27. Rxf2
Rxe3+ 28. Re2 Rxa3 29. Rd1 Nc6 30. b5 Na5 31. Rd8+ Kf7 32. Rf2+ Ke7 33. Rg8 Nxc4
34. Rxg7+ Kd8 35. Rf8# 1-0

[Event "Challenge"]
[Site "http://www.queenalice.com/game.php?id=1576462"]
[Date "2019.7.5"]
[Round "-"]
[White "vivoferreira"]
[Black "Rodrigosm"]
[Result "1-0"]
[WhiteElo "1561"]
[BlackElo "1475"]

1. e4 e5 2. Nf3 Nc6 3. Nc3 Bc5 4. d3 Nf6 5. h3 d6 6. Bg5 h6 7. Bxf6 Qxf6 8. Qd2
O-O 9. Nd5 Qd8 10. a3 Nd4 11. Nxd4 Bxd4 12. f4 Qh4+ 13. Kd1 Bg4+ 14. Be2 Bxb2
15. Ra2 Bd4 16. Qe1 Bf2 17. Qf1 c6 18. hxg4 Qg3 19. Rh3 Qxf4 20. Rf3 Qxg4 21.
Rxf2 Qd7 22. Nc3 b5 23. Ra1 Rab8 24. Bf3 d5 25. exd5 c5 26. Rb1 b4 27. axb4 cxb4
28. Ne4 b3 29. cxb3 Qb5 30. Nd6 Qd7 31. Ne4 Qxd5 32. Nf6+ gxf6 33. Bxd5 Rbd8 34.
Bc4 e4 35. Rxf6 exd3 36. Rxf7 Rxf7 37. Qxf7+ Kh8 38. Qf6+ Kh7 39. Qxd8 d2 40.
Qxd2 h5 41. Qd8 a5 42. Qg5 a4 43. bxa4 h4 44. Rb7+ Kh8 45. Qg8# 1-0

[Event "Challenge"]
[Site "http://www.queenalice.com/game.php?id=1576874"]
[Date "2019.7.10"]
[Round "-"]
[White "nereu"]
[Black "Rodrigosm"]
[Result "1-0"]
[WhiteElo "1615"]
[BlackElo "1553"]

1. e4 e5 2. Nf3 Nc6 3. Bc4 Bc5 4. c3 Nh6 5. h3 d6 6. O-O O-O 7. d4 exd4 8. cxd4
Na5 9. Bxh6 gxh6 10. Qd2 Qf6 11. Qxa5 Bb6 12. Qd2 Bd7 13. Nc3 c5 14. dxc5 Bxc5
15. Nd5 Qd8 16. Qxh6 Kh8 17. Nf6 Qxf6 18. Qxf6+ Kg8 19. Ng5 Bd4 20. Qh6 Bf5 21.
exf5 Bxf2+ 22. Rxf2 Rae8 23. Qxh7# 1-0

[Event "Challenge"]
[Site "http://www.queenalice.com/game.php?id=1577288"]
[Date "2019.7.14"]
[Round "-"]
[White "Rodrigosm"]
[Black "nereu"]
[Result "1-0"]
[WhiteElo "1539"]
[BlackElo "1643"]

1. e4 e5 2. Nc3 Nf6 3. Nf3 Nc6 4. Bc4 d6 5. Ng5 g6 6. Nxf7 Qd7 7. Nxh8 Bg7 8.
Nf7 h6 9. Qf3 Qe7 10. Qg3 g5 11. d3 Nd4 12. O-O Nxc2 13. Rb1 Be6 14. Bxe6 Qxe6
15. Nxg5 hxg5 16. Qxg5 Bf8 17. Nb5 Qe7 18. Qg6+ Kd7 19. Bg5 Bg7 20. Rbc1 c6 21.
Rxc2 cxb5 22. Rfc1 Qf8 23. Rc7+ Ke6 24. Qf5# 1-0

[Event "Challenge"]
[Site "http://www.queenalice.com/game.php?id=1577657"]
[Date "2019.7.17"]
[Round "-"]
[White "nereu"]
[Black "Rodrigosm"]
[Result "1-0"]
[WhiteElo "1640"]
[BlackElo "1559"]

1. e4 e5 2. Nf3 d6 3. Bc4 Be6 4. Bxe6 fxe6 5. d3 Nf6 6. Bg5 Be7 7. Nbd2 Nc6 8.
a3 d5 9. O-O O-O 10. c3 Qe8 11. Re1 Ng4 12. h3 Bxg5 13. Nxg5 Rxf2 14. hxg4 Qf8
15. Ndf3 Rxb2 16. Nxe6 Qf6 17. Nxc7 Rf8 18. Rf1 Ne7 19. g5 Qf4 20. Ne6 Qe3+ 21.
Kh1 Rf7 22. Nxe5 Rff2 23. Qh5 g6 24. Qh6 Qh3+ 25. Qxh3 h5 26. gxh6 Rxg2 27. h7+
Kh8 28. Rf8+ Ng8 29. hxg8#=Q# 1-0

[Event "Challenge"]
[Site "http://www.queenalice.com/game.php?id=1578540"]
[Date "2019.7.26"]
[Round "-"]
[White "Rodrigosm"]
[Black "nereu"]
[Result "1-0"]
[WhiteElo "1558"]
[BlackElo "1634"]

1. e4 c5 2. e5 d5 3. exd6 Qxd6 4. Ne2 e5 5. Nec3 Qc6 6. Qh5 Bd6 7. Bc4 g6 8. Qf3
Qd7 9. O-O f5 10. Na3 e4 11. Qe3 b6 12. Nab5 Bb7 13. Nd5 Ne7 14. Nf6+ Kd8 15.
Nxd7 Nxd7 16. Nxd6 Kc7 17. Qg3 Nc6 18. Nb5+ Kd8 19. Qc7+ Ke7 20. Qxb7 Rhc8 21.
f3 a6 22. Nc3 Kd8 23. Be6 Ra7 24. Bxd7 Rxb7 25. Bxc8 Kxc8 26. fxe4 fxe4 27. Nxe4
Rd7 28. d3 Nd4 29. Rf8+ Kc7 30. Bf4+ Kc6 31. Rc8+ Kb5 32. a4+ Ka5 33. Bd2# 1-0

[Event "Challenge"]
[Site "http://www.queenalice.com/game.php?id=1578717"]
[Date "2019.7.28"]
[Round "-"]
[White "Rodrigosm"]
[Black "nereu"]
[Result "0-1"]
[WhiteElo "1558"]
[BlackElo "1645"]

1. e4 e5 2. Nc3 Bb4 3. Nd5 Nf6 4. a3 Bc5 5. Nf3 O-O 6. Nxf6+ Qxf6 7. b4 Bd6 8.
Bc4 Nc6 9. O-O h6 10. b5 Ne7 11. d4 Ng6 12. dxe5 Bxe5 13. Rb1 Rd8 14. g3 b6 15.
Qd5 c6 16. bxc6 dxc6 17. Qxf7+ Qxf7 18. Bxf7+ Kxf7 19. Be3 Ba6 20. Rfe1 Bc3 21.
Rec1 Be2 22. Ng5+ Kg8 23. Ne6 Rd6 24. Nc7 Rad8 25. Kg2 Ne5 26. f4 Ng4 27. Bg1
Rc8 28. Bxb6 axb6 29. Rb3 Bd4 30. c3 Rxc7 31. cxd4 Rxd4 32. Rxb6 Rxe4 33. Rb8+
Kh7 34. Kh3 h5 35. Rc5 g6 36. f5 Kh6 37. Rh8+ Kg5 38. fxg6+ Ne5 39. Kg2 Bf3+ 40.
Kh3 Kxg6 41. Re8 Bg4+ 42. Kg2 Re2+ 43. Kf1 Rf7+ 44. Kg1 Re1+ 45. Kg2 Re2+ 46.
Kg1 Nf3+ 47. Kf1 Nxh2+ 48. Kg1 Rf1# 0-1

[Event "Challenge"]
[Site "http://www.queenalice.com/game.php?id=1579132"]
[Date "2019.8.2"]
[Round "-"]
[White "Rodrigosm"]
[Black "vivoferreira"]
[Result "0-1"]
[WhiteElo "1462"]
[BlackElo "1396"]

1. e4 c5 2. Qh5 e6 3. Nf3 Nf6 4. Qg5 Nxe4 5. Qe3 Nf6 6. Nc3 Nc6 7. Ne4 Nxe4 8.
Qxe4 d5 9. Qe2 c4 10. c3 g6 11. Nd4 Nxd4 12. Qd1 Bd6 13. cxd4 e5 14. dxe5 Bxe5
15. Be2 b6 16. b3 cxb3 17. Bb5+ Bd7 18. Bxd7+ Qxd7 19. d4 Bg7 20. O-O bxa2 21.
Rxa2 O-O 22. Rc2 f5 23. Bf4 Rfe8 24. Rc7 Qe6 25. f3 a6 26. g4 b5 27. Re1 Qxe1+
28. Qxe1 Rxe1+ 29. Kf2 Rae8 30. gxf5 Bxd4+ 31. Kg3 gxf5 32. Rxh7 Kxh7 33. Bd2
R1e2 34. Bf4 Be5 35. Bxe5 R8xe5 36. f4 R5e4 37. h4 b4 38. h5 b3 39. h6 Kxh6 40.
Kh4 Rxf4+ 41. Kg3 Kg5 42. Kh3 b2 43. Kg3 b1=Q 44. Kh3 Qf1+ 45. Kg3 Qf3# 0-1

[Event "Challenge"]
[Site "http://www.queenalice.com/game.php?id=1579133"]
[Date "2019.8.2"]
[Round "-"]
[White "vivoferreira"]
[Black "Rodrigosm"]
[Result "1-0"]
[WhiteElo "1355"]
[BlackElo "1426"]

1. e4 e5 2. Nf3 Nc6 3. Nc3 Bc5 4. d3 Qf6 5. Nd5 Qd6 6. c3 Nf6 7. Ne3 Nh5 8. d4
exd4 9. Nxd4 Qe5 10. Nef5 Qxe4+ 11. Qe2 d5 12. Be3 Ne5 13. f3 Nxf3+ 14. Qxf3 Qe5
15. O-O-O g6 16. Re1 O-O 17. Bd3 gxf5 18. Bh6 Qf6 19. Bxf8 Qg5+ 20. Kc2 Bd7 21.
Bxc5 Ba4+ 22. b3 Nf4 23. bxa4 Nxg2 24. Re2 Nh4 25. Qg3 f6 26. Qxc7 Rf8 27. Ne6
Qg4 28. Bxf8 Nf3 29. Bxf5 Qxf5+ 30. Kb2 Qg4 31. Qg3 f5 32. Qxg4+ fxg4 33. Rg2
Ne5 34. Re1 Nd3+ 35. Kc2 Nxe1+ 36. Kd2 Nf3+ 37. Ke3 Ne5 38. h3 Nc4+ 39. Kd4 h5
40. hxg4 h4 41. g5 h3 42. Rh2 a6 43. Rxh3 Nd6 44. Kxd5 Nf5 45. Ke5 Ne3 46. Kf6
Ng4+ 47. Kg6 Ne5+ 48. Kf6 1-0

[Event "Challenge"]
[Site "http://www.queenalice.com/game.php?id=1579289"]
[Date "2019.8.4"]
[Round "-"]
[White "Rodrigosm"]
[Black "nereu"]
[Result "0-1"]
[WhiteElo "1545"]
[BlackElo "1662"]

1. e4 d5 2. exd5 Qxd5 3. Nc3 Qd7 4. Nf3 Nc6 5. Bc4 e5 6. Ng5 h6 7. Nxf7 Rh7 8.
Qh5 Nf6 9. Qg6 Ke7 10. O-O Qg4 11. Qd3 Be6 12. Bxe6 Kxe6 13. h3 Qd4 14. Qg6 Ne7
15. Qg3 Kxf7 16. Nb5 Qc5 17. a4 Ng6 18. Qb3+ Qd5 19. Qc3 Bd6 20. d3 Nh4 21. f3
c6 22. Na3 Bc5+ 23. d4 exd4 24. Qd3 Rhh8 25. c4 Qd6 26. b4 Qg3 27. bxc5 Qxg2#
0-1

[Event "Challenge"]
[Site "http://www.queenalice.com/game.php?id=1579290"]
[Date "2019.8.4"]
[Round "-"]
[White "nereu"]
[Black "Rodrigosm"]
[Result "1-0"]
[WhiteElo "1711"]
[BlackElo "1534"]

1. d4 d5 2. b3 Nc6 3. Bb2 Nb4 4. a3 Nc6 5. Nf3 Qd6 6. e3 Nf6 7. Bd3 Bg4 8. Nbd2
e5 9. dxe5 Nxe5 10. Bxe5 Qe7 11. Qc1 Qe6 12. Bxc7 Bc5 13. Be5 Nd7 14. O-O Rc8
15. Bxg7 Rg8 16. Bd4 Bxf3 17. Nxf3 Qg4 18. g3 Qxf3 19. Qe1 Bd6 20. Be2 Qe4 21.
Bd3 Qe6 22. Bxa7 Bxg3 23. fxg3 Ne5 24. Bf5 Nf3+ 25. Rxf3 Qc6 26. Bxc8 Qxc8 27.
e4 dxe4 28. Qxe4+ Kf8 29. b4 Rg4 30. Qxh7 Rg7 31. Qh5 f6 32. Rxf6+ Kg8 33. Raf1
Qxc2 34. Rf8# 1-0

[Event "Challenge"]
[Site "http://www.queenalice.com/game.php?id=1579544"]
[Date "2019.8.6"]
[Round "-"]
[White "vivoferreira"]
[Black "Rodrigosm"]
[Result "1-0"]
[WhiteElo "1415"]
[BlackElo "1443"]

1. e4 e5 2. Nf3 Nc6 3. Nc3 Bd6 4. Nd5 Nh6 5. d3 Na5 6. Bxh6 gxh6 7. Qd2 Bf8 8.
Qxa5 c6 9. Qxd8+ Kxd8 10. Nc3 d6 11. O-O-O Be6 12. d4 f6 13. dxe5 fxe5 14. g3 h5
15. Bg2 c5 16. Rhe1 Bh6+ 17. Kb1 Bf8 18. Nxe5 Ke7 19. Nf3 Rb8 20. e5 dxe5 21.
Nxe5 Kf6 22. Nd5+ Bxd5 23. Bxd5 Kf5 24. Nf7 Rg8 25. Nh6+ Kg5 26. Nxg8 Rd8 27.
Bxb7 Rxd1+ 28. Rxd1 Bg7 29. Rd5+ Kg4 30. Rxc5 Bxb2 31. Kxb2 h4 32. Ra5 hxg3 33.
hxg3 a6 34. Rxa6 h5 35. c4 h4 36. gxh4 Kxh4 37. c5 Kh3 38. c6 Kg2 39. f4 Kf1 40.
c7 Kf2 41. c8=Q Kf1 42. Qc2 Ke1 43. Re6+ Kf1 44. Qg2# 1-0

[Event "Challenge"]
[Site "http://www.queenalice.com/game.php?id=1580680"]
[Date "2019.8.18"]
[Round "-"]
[White "Rodrigosm"]
[Black "nereu"]
[Result "0-1"]
[WhiteElo "1497"]
[BlackElo "1736"]

1. e4 e5 2. Qh5 Nf6 3. Qxe5+ Be7 4. Nc3 Nc6 5. Qg3 O-O 6. Bd3 Nb4 7. a3 Nxd3+ 8.
cxd3 d6 9. Nf3 h6 10. Nh4 a6 11. O-O Nh7 12. Nf5 g6 13. Nxh6+ Kh8 14. b4 Bh4 15.
Qf3 Qg5 16. Nxf7+ Rxf7 17. Qxf7 Bh3 18. g3 Bxf1 19. Bb2 Qxd2 20. Nd1+ Nf6 21.
Bd4 Qxd3 22. Bxf6+ Bxf6 23. Qxf6+ Kh7 24. Rc1 c6 25. Nb2 Qe2 26. Rxf1 Re8 27.
Qf7+ Kh6 28. Qxe8 Qxb2 29. g4 Kg5 30. h3 Qxa3 31. f4+ Kh4 32. Qe7+ Kg3 33. f5
Qe3+ 34. Rf2 Qxf2+ 35. Kh1 Qh2# 0-1

[Event "Challenge"]
[Site "http://www.queenalice.com/game.php?id=1581230"]
[Date "2019.8.24"]
[Round "-"]
[White "nereu"]
[Black "Rodrigosm"]
[Result "1-0"]
[WhiteElo "1688"]
[BlackElo "1515"]

1. d4 d5 2. e3 Nf6 3. Nf3 e6 4. Bd3 Bd6 5. Nc3 Nc6 6. O-O Ng4 7. h3 Nh6 8. Qe2
O-O 9. e4 dxe4 10. Qxe4 f5 11. Qe3 f4 12. Qe4 Nb4 13. Qxh7+ 1-0